[Event "FIDE Grand Swiss"]
[Site "Riga"]
[Date "2021.11.03"]
[Round "7"]
[White "Caruana, Fabiano"]
[Black "Sevian, Samuel"]
[Result "1/2-1/2"]
[WhiteElo "2800"]
[BlackElo "2654"]
[Annotator "Sevian,Samuel"]
[PlyCount "72"]
[EventDate "2021.10.27"]
[EventType "swiss"]
[EventRounds "11"]
[EventCountry "LAT"]
[SourceTitle "CBM 205"]
[Source "ChessBase"]
[SourceDate "2021.11.30"]
[SourceVersion "1"]
[SourceVersionDate "2021.11.30"]
[SourceQuality "1"]

{[%evp 0,72,80,56,13,-21,-29,-29,-14,-80,-33,-5,-9,-9,22,21,49,-25,61,-78,121,162,102,80,79,65,83,34,34,30,21,11,37,24,24,14,118,130,112,39,87,23,74,52,52,-20,2,-13,6,26,23,-110,-135,-160,23,13,3,24,28,28,28,12,27,-17,20,0,15,15,15,2,2,15,12,12,12]} 1. d4 {In the 7th round I was facing Caruana for the second time in a few weeks, and I was ready for a great battle!} Nf6 2. c4 e6 3. Nc3 Bb4 4. f3 $5 {One of the sharpest lines in the Nimzo, which came as a surprise to me as he has only played a handful of games here in his career!} c5 5. d5 O-O 6. e4 d6 7. Nge2 b5 8. Nf4 exd5 $5 {After spending some time I opted for a very interesting pawn sacrifice.} 9. Nfxd5 Nxd5 10. Qxd5 Qb6 $1 {The rook is taboo since the queen will be trapped after b7} 11. cxb5 {From here I was out of book.} (11. Bf4 Be6 12. Qxd6 (12. Qxa8 $2 Nc6 13. Qxf8+ Kxf8 $19 {2 rooks are generally equal to or better than a queen, but with White being so under-developed Black will have a winning attack}) 12... Qa5 $44 {[%cal Ra5e1,Rf8d8,Rd8d1] Is the main line, Black is down a pawn but has pressure on the c3 knight, and will bring the rook to d8 in the future to start a dangerous attack}) 11... Bb7 12. Qd2 {A strange move, putting the queen in a pin, but there is a venomous idea shown below (13...Ba5)} d5 $1 {Now that Black is down a pawn it is important to play energetically, if given time White will play e2, 0-0 and consolidate.} 13. a3 (13. exd5 $2 {Accepting this second pawn is close to being suicidal} Re8+ 14. Be2 c4 $1 $19 {[%cal Rb6g1,Re8e1] Not allowing White to castle; Black will slowly start bringing his pieces out to start a nasty assault on the white king}) 13... Bxc3 (13... Ba5 {It took me a few minutes to realise what was wrong with keeping the pin} 14. b4 $1 cxb4 15. Nxd5 Bxd5 16. axb4 $1 $18 {An important intermediate move, and the point behind d2. White goes after the more dangerous black dark-squared bishop, and will soon bring his king to safety}) 14. Qxc3 d4 $1 {In the spirit of the position, recapturing the pawn would have given him what he wanted. Here Fabiano paused for the first time in the game, either not knowing the move or trying to remember his prep.} (14... dxe4 $2 15. Be3 Nd7 16. O-O-O $1 $16 {Gives White quick development with threats}) 15. Qc2 $6 {An inaccuracy as he missed my main idea in the game text.} (15. Qb3 {was the right way to go, but Black is fine here after either keeping Benko-esque play with a6, or quick development with d7-e5.} Nd7 {[%cal Gd7e5]} (15... Qg6 {This is a bit too ambitous, White is able to castle after protecting the g2 pawn.} 16. Qc2 $1 {[%cal Gc2g2]} Nd7 17. Bc4 Ne5 18. O-O $16) (15... a6 {Is also an interesting attempt, but requires more calculation} 16. Bc4 axb5 17. Qxb5 Qc7 18. Bf4 $1 (18. O-O Nd7 19. Bf4 Qxf4 20. Qxd7 Ba6 21. Qa4 Bxc4 22. Qxc4 Rfb8 23. Qxc5 Qe3+ 24. Kh1 Rxb2 $11) 18... Qxf4 19. Qxb7 Qe3+ 20. Kf1 Na6 $1 {[%cal Ra8b8,Rb8b2] The knight is taboo as Black's rook will come to the 7th rank with deadly effect} 21. Re1 Qd2 22. h4 d3 $44) 16. Bc4 (16. a4 Qg6 $1 {[%cal Rg6g2,Ga8e8,Gf7f5] Now that black's knight is developed this idea works out; White has no easy way of developing the light-squared bishop}) 16... Ne5 17. O-O Nxc4 18. Qxc4 a6 19. b4 cxb4 20. Qxb4 d3+ 21. Rf2 axb5 $11 {Black is completely fine}) ({RR} 15. Qb3 Nd7 16. Bc4 Ne5 17. O-O Bc8 18. Bd5 Be6 19. Bxe6 fxe6 20. f4 c4 21. Qb4 Rac8 22. a4 Nd3 23. Qd2 e5 24. f5 Nc5 25. Qe2 Nb3 {0-1 (25) Wang,T (2356)-Cardoso Cardoso,J (2532) Philadelphia USA 2025}) 15... a6 $1 {Opening up the queenside in a Benko fashion} (15... Nd7 16. Bf4 a6 17. a4 $1 Rfc8 18. Bc4 axb5 19. Bxb5 Bc6 20. Bc4 $14 {And White is in time to put up a blockade}) 16. bxa6 $146 {Continuing on the wrong path} (16. a4 {This is very deep, but it is important for him to control the b5, to block the a6-f1 diagonal later on} axb5 17. Bxb5 Ba6 18. Bxa6 Qxa6 19. b3 $1 {(Stopping c4)} Nc6 (19... Nd7 20. Kf2 Rac8 21. Rd1 $11) 20. Qxc5 Na5 21. Qb5 $1 {The point of a4! White manages to either trade queens or get his king to safety} Qxb5 22. axb5 Nxb3 $11 {The game should end in a draw very soon}) ({RR} 16. a4 axb5 17. Bxb5 Ba6 18. Bxa6 Qxa6 19. b3 Nc6 20. Qxc5 Na5 21. Qb5 Qxb5 22. axb5 Nxb3 23. Rb1 Nxc1 24. Rxc1 Rfb8 25. Rb1 Ra5 26. b6 Ra6 27. b7 Ra7 28. Kd2 Raxb7 29. Rxb7 Rxb7 30. Kd3 Rb4 {Yilmaz,M (2650)-Can,E (2566) Ankara TUR 2023 ½-½ (31)}) 16... Bxa6 17. Bxa6 Qxa6 $1 {The move he underestimate when playing c2, I am willing to sacfirice another pawn, (or 2!) just to keep him from castling} 18. Qxc5 {After thinking for over 40 minutes, Fabiano decides to accept the sacrifice. The problem with trying to castle artificially with f2/d1 is that Black will have two monster passed pawns after c5-c4, which practically looks hopeless for White.} (18. b3 {Trying to stop c4 before playing f2 is an interesting idea, but one that also doesn't work} Nc6 19. Kf2 Nb4 $1 {[%cal Ra6a1] Exploiting the pin on the a file} 20. Qc4 Qxc4 21. bxc4 f5 $1 22. exf5 Nd3+ 23. Ke2 Ne5 {Black wins the c4 pawn, and has good winning chances}) (18. Kf2 c4 19. Rd1 Nc6 $17 {[%csl Gc4,Gd4][%cal Gf8d8] Is easy flowing for Black}) 18... Rc8 19. Qd5 $1 {The best defence, the queen controls many squares from the center and even helps with a counter-attack in some positions. Since c2 is immediately impossible because of d8#, I have to either bring my a8 rook to c2 or try bringing he knight into the attack.} (19. Qxd4 Nc6 $1 {White has no good squares for the queen} 20. Qc3 (20. Qd2 Ne5 $1 21. Kf2 Nd3+ 22. Kg3 Qd6+ $1 {Provoking f4 before g6+ so that White can't block with g5} 23. Kh3 Rxc1 $1 {Removing the White queen's defender} 24. Raxc1 Nf4+ $19) 20... Na5 $1 21. Qe3 Rc2 $19 {Is game over}) 19... Ra7 $6 {Though neither move was objectively winning, he had to be more careful after c6} (19... Nc6 $1 {[%cal Rc6b4]} 20. Bd2 Rab8 21. Rc1 $1 {Is the only defence, but I'm not sure he would find it given we were both under 25 minutes at this point} (21. b3 {was the move I was most concerned with during the game, but as Fabiano pointed out during our post-game analyses, Black has a brilliant geometric idea in the line below} Rb5 22. Qc4 Ne5 $1 (22... Nb4 {Looks winning at first, but White can sacrifice the exchange:} 23. axb4 $1 Qxa1+ 24. Kf2 Qa6 25. Ra1 $1 Qb7 26. Ra7 $1 {Getting the queens off the board; White is fine.}) 23. Qxd4 (23. Qe2 d3 24. Qf2 Rxb3 25. O-O Rb2 $19 {[%cal Rc8c2]}) (23. Qa4 Qxa4 24. bxa4 Rb2 $19 {With Black's rooks invading, White will sooner or later lose the bishop}) 23... Qf6 $3 {[%cal Rf6a1,Rc8d8] An amazing idea: Black threatens xf3+, d8 (taking over the d-file) and if White puts the king on e2 the black queen can always go back to a6!} (23... Rbc5 {Was what I saw during the game, but I could not find a way to breakthrough after f2} 24. Kf2 Rc2 25. Rhd1 {Where once again I need to find f6!!} Qf6 {[%cal Re5g4]} 26. Kf1 Rd8 27. Qe3 h6 28. Bc3 Rxd1+ 29. Rxd1 Ng4 $1 30. Qd3 Rxc3 31. Qd8+ Kh7 32. Qxf6 Nxf6 $17 {With winning chances}) 24. Bc3 (24. Be3 Rd8 $1 {Either the queen is lost or White is mated} 25. Qa4 Nd3+ 26. Ke2 Qb2+ 27. Bd2 Nf4+ $19) (24. Ke2 Rxb3 $1 25. Rhc1 Rd8 $19 {[%cal Rf6a6] a6 is coming next with deadly effect}) 24... Rbc5 25. Bb2 Nd3+ 26. Qxd3 Qxb2 27. Rd1 g6 $1 {with c2 coming next, even if White castles. The attack is decisive.}) 21... Rxb2 22. Rf1 $1 (22. Qc4 {Was the move we discussed after the game, but it loses after} Qxa3 23. Qxd4 Rd8 $1 24. Rxc6 Rxd4 25. Rc8+ Qf8 26. Rxf8+ Kxf8 27. Bc3 Rxe4+ 28. fxe4 Rb1+ $19 {With an easily won endgame}) 22... Qd3 23. Rf2 Rc2 (23... Rxd2 24. Rxd2 Qe3+ 25. Kf1 $1 (25. Kd1 Qg1+ $19) 25... Qxd2 26. Rxc6 Rb8 27. Qb3 $1 {And White survives because of Black's weak back rank!}) 24. Rxc2 Qxc2 25. Kf1 Rd8 $15 {And even after all these brilliant defensive moves, White still has to be very careful}) 20. Bd2 Rac7 21. Rd1 Rc2 22. Qxd4 {At this point we were both getting low on time, and some mistakes ensued} (22. Rf1 $1 {The earlier he brings his rook to defend the 2nd rank, the better.} Nc6 23. Rf2 Rxb2 24. Bf4 Rb5 25. Qc4 $1 {and White is practically out of danger.}) 22... Nc6 23. Qe3 Rxb2 24. Bc3 Rc2 $1 {The best attempt to keep playing for a win, this moves keeps tension and forces white to come up with a defensive plan} (24... Rb3 {Allows White's king to escape the back rank} 25. Kf2 $11) (24... Rxg2 {Is basically agreeing to a draw since I can't keep my rook on the 2nd rank after g1!} 25. Rg1 $1 {[%cal Rg1g7,Rc3g7]} Rxg1+ 26. Qxg1 Ne5 $1 27. Bxe5 Qa5+ $11) 25. Rf1 $2 {Here I got very excited seeing many interesting possibilities, but we were both under 10 minutes so I had to make a decision quickly} (25. Qd3 $2 Qxd3 26. Rxd3 Rc1+ {[%cal Rc1h1,Rc1c3] And white can't block without losing the bishop on c3}) (25. Rd3 $1 {[%cal Ge1g1] Is the move that I expected,(with the idea of castling short) which is apparently a forced draw according to the computer, but White is the one who has to be careful.} Ne5 (25... Rd8 26. Rxd8+ Nxd8 27. Bd2 Ne6 28. Kf2 $11) 26. Bxe5 Rc1+ 27. Rd1 Rxd1+ 28. Kxd1 Qa4+ 29. Ke1 Qa5+ 30. Kf2 Rc2+ 31. Kg3 Qxe5+ 32. f4 Qb2 (32... Qd6 33. Qf3 $1 Qg6+ 34. Kh3 Qh6+ $11) 33. Rd1 $1 Rxg2+ 34. Kf3 h6 35. Rb1 $1 Qc2 36. Rc1 Qa2 37. Ra1 $1 {A nice perpetual to the queen where Black can't avoid repetition}) 25... Qxa3 $6 {The move was fine, but I unfortunately spend too much time on c4 and was left with only 3 minutes} (25... Qc4 26. Ba1 Rd8 $1 {was what I saw originally, which I thought was winning, but white amazingly holds everything together after Rf2} 27. Rf2 $1 Rxd1+ (27... Rxf2 28. Qxf2 $1 {Where once again I have to settle for a draw} (28. Rxd8+ Nxd8 29. Kxf2 Qa2+ $19)) 28. Kxd1 {I unfortunately have to trade my powerful rook on c2} Rxf2 29. Qxf2 Qd3+ 30. Kc1 $11) 26. Bd2 Qxe3+ {Basically a draw offer.} (26... Qa2 $1 {was the last try to play for a win. Again, objectively the computer manages to hold on, but it would be very difficult for a human player.} 27. Rf2 Rd8 $1 {Putting White in a bind} 28. Rc1 $1 {The only move} (28. Qb6 {Is a logical way of defending, trying to stop Black from playing e5, but it loses} Rb8 $1 (28... h6 29. Be3 $1 $11 {Is the idea}) 29. Qc7 h6 $1 30. Be3 Rxf2 31. Bxf2 Rb2 $1 {White cannot give perpetual because the powerful multi-purpose queen on a2 protects f7!} 32. Qc8+ Kh7 33. Qf5+ g6 {[%csl Ga2][%cal Ga2f7]} 34. Qc5 Nb4 35. Kf1 Nd3 $1 36. Rxd3 Qb1+ $19 {A beautiful crushing attack}) 28... Rxc1+ {The most testing} (28... Ne5 29. Rxc2 Qxc2 30. Re2 $11 {[%cal Ge1f2,Gd2e1]}) (28... Nd4 29. Kf1 Qc4+ 30. Kg1 Nxf3+ 31. Qxf3 Rxc1+ 32. Bxc1 Qxc1+ 33. Rf1 $11) 29. Bxc1 Qc4 30. Ba3 Ne5 31. Rd2 Nd3+ 32. Rxd3 Rxd3 33. Qc5 $1 {Forcing a queen exchange because of the mate threat on f8} Qxc5 34. Bxc5 $15 {All this is very difficult to find for White, and he would still need to defend this ending for a long time}) (26... Qa6 27. Kf2 $1 Rd8 28. Kg1 Rd3 29. Qe1 Nd4 30. Rf2 {And White holds everything together}) 27. Bxe3 Rxg2 28. Rd2 Rxd2 29. Kxd2 Ne5 30. Bf4 f6 31. Bg3 Kf7 32. f4 Nc4+ 33. Kd3 Nb2+ 34. Ke3 Nc4+ 35. Kd3 Nb2+ 36. Ke3 Nc4+ {A very complicated middlegame, with many beautiful ideas, ends peacefully -} 1/2-1/2

[Event "Chessable Masters Play-In"]
[Site "chess.com INT"]
[Date "2024.01.31"]
[Round "8"]
[White "Caruana, F.."]
[Black "Smirnov, P.."]
[Result "0-1"]
[WhiteElo "2804"]
[BlackElo "2526"]
[PlyCount "210"]
[EventDate "2024.01.31"]

1. d4 Nf6 2. c4 e6 3. Nc3 Bb4 4. e3 O-O 5. a3 ({RR} 5. Bd3 d5 6. Nf3 dxc4 7. Bxc4 c5 8. O-O Nc6 9. a3 Bxc3 {½-½ (11) Iniyan,P (2506)-Sjugirov,S (2675) ICC INT 2020}) 5... Bxc3+ 6. bxc3 c5 7. Bd3 Nc6 8. Nf3 d5 9. O-O dxc4 10. Bxc4 Qc7 11. a4 b6 12. Qe2 e5 13. Ba3 ({RR} 13. d5 e4 14. Nd2 Ne5 15. Ba2 Re8 16. f4 Bg4 17. Qb5 Nd3 18. Nxe4 Rxe4 19. Qxd3 c4 20. Qd2 Rd8 21. Bb1 Rxd5 22. Qf2 Re8 23. e4 Nxe4 24. Bxe4 Rxe4 25. Be3 h5 26. Rae1 Qc6 27. Bd4 Rxe1 {Arca,C (2265)-De Guzman,R (2282) Hanoi VIE 2024 ½-½}) 13... e4 $146 ({RR} 13... Bg4 14. h3 Bh5 15. g4 Nxg4 16. hxg4 Bxg4 17. Bd5 Rae8 18. Qa2 Qd6 19. Ng5 Qg6 20. f4 exf4 21. Qg2 Ne7 22. Ba2 Qh5 23. exf4 Ng6 24. Qg3 h6 25. Nxf7 Rxf7 26. Bxf7+ Kxf7 27. f5 Nh4 28. Rf4 {Milov,V (2604)-Vescovi,G (2519) Linares 2001 ½-½ (38)}) 14. Nd2 Na5 15. Ba2 Bg4 16. f3 exf3 17. gxf3 Be6 18. c4 Rfe8 19. d5 Bh3 20. Rfe1 Qe5 21. Nf1 Qg5+ 22. Ng3 h5 23. f4 Qh6 24. Bb1 h4 25. Nh1 Nb3 26. Nf2 Nxa1 27. Nxh3 Nb3 28. Ng5 Qh5 29. Qxh5 Nxh5 30. Kf2 Nf6 31. Re2 Ng4+ 32. Kf3 Nxe3 33. Bh7+ Kf8 34. Bb2 Nxc4 35. Bc3 Rxe2 36. Kxe2 Nd4+ 37. Kd3 Nd6 38. Bxd4 cxd4 39. Kxd4 Rc8 40. Bd3 Rc1 41. Nf3 Ra1 42. Bc2 Ra3 43. Nxh4 Rh3 44. Ng2 Rxh2 45. Ne3 Ke7 46. Bd3 g6 47. Nc2 Rh4 48. Ke3 Kf6 49. Nd4 Rh3+ 50. Ke2 Rh2+ 51. Ke3 Ra2 52. Bc2 Ra3+ 53. Ke2 Rc3 54. Kd2 Rc4 55. Kd3 Rc5 56. Bb3 Rc1 57. Nc6 a5 58. Ne5 Ke7 59. Bc2 Ra1 60. Nc6+ Kd7 61. Ne5+ Kc7 62. Kd2 Ra3 63. Ke2 Rh3 64. Nf3 Rh1 65. Kd2 b5 66. axb5 Nxb5 67. Ne5 Nd6 68. Nc6 Rh4 69. Ke3 Rh3+ 70. Kd4 Ra3 71. Ne5 Nb5+ 72. Kc5 Nd6 73. Kd4 Ra1 74. Nd3 Rg1 75. Nc5 Rg2 76. Ba4 Rb2 77. Bc6 Rb4+ 78. Ke5 Nc4+ 79. Kf6 Nd6 80. Ke5 f6+ 81. Kxf6 Rxf4+ 82. Kxg6 Rf1 83. Kg5 Rc1 84. Ne6+ Kb6 85. Kf6 Re1 86. Ke7 Nc8+ 87. Kd7 Na7 88. Ba4 Ra1 89. Bc2 a4 90. d6 a3 91. Nc7 Nc6 92. Bb3 Nd4 93. Bg8 Rg1 94. Ba2 Rg7+ 95. Kc8 Kc6 96. Ne8 Ra7 97. Kb8 Rb7+ 98. Kc8 Ra7 99. Kb8 Ra5 100. Nc7 Kxd6 101. Kb7 Ra4 102. Na6 Ra5 103. Nc7 Rc5 104. Ne8+ Ke5 105. Kb6 Rc2 0-1

[Event "American Cup Elim"]
[Site "Saint Louis USA"]
[Date "2024.03.17"]
[Round "3.1"]
[White "Caruana, F.."]
[Black "So, W.."]
[Result "1/2-1/2"]
[WhiteElo "2804"]
[BlackElo "2757"]
[PlyCount "116"]
[EventDate "2024.03.14"]
[EventType "k.o."]

1. d4 Nf6 2. c4 e6 3. Nc3 Bb4 4. e3 O-O 5. Nge2 d5 6. a3 Be7 7. cxd5 exd5 8. Nf4 c6 9. Bd3 Re8 10. O-O Nbd7 11. Bd2 Nf8 12. f3 ({RR} 12. Nce2 Bd6 13. f3 g5 14. Nh3 Bxh3 15. gxh3 Qd7 16. Ng3 Qxh3 17. Rf2 Ng6 18. Nf5 Bc7 19. Qf1 Qxf1+ 20. Raxf1 Nh4 21. Nxh4 gxh4 22. e4 Bb6 23. e5 Nh5 24. Rg2+ Kh8 25. Rg4 Rg8 26. Kh1 Rxg4 {Yu,Y (2709)-Ding,L (2791) chess24.com INT 2020 ½-½ (62)}) 12... Ne6 ({RR} 12... Bd6 13. Kh1 Ng6 14. Nxg6 hxg6 15. e4 dxe4 16. fxe4 Bc7 17. Be3 Ng4 18. Qf3 Nxe3 19. Qxe3 Be6 20. e5 Bb6 21. Ne2 Qd5 22. Rac1 Rad8 23. Rf4 Qb3 24. Qd2 c5 25. Rf3 cxd4 26. Nf4 Qa4 27. Nxe6 {Deuer,M (2435)-Paszewski,M (2349) Balatonlelle HUN 2024 1-0 (40)}) 13. Nxe6 Bxe6 14. Qe1 c5 $146 ({RR} 14... a5 15. Qf2 Rc8 16. Rad1 b6 17. Ne2 Bd6 18. h3 c5 19. dxc5 bxc5 20. Bc3 Rb8 21. Bc2 h6 22. Nc1 Qc7 23. f4 d4 24. exd4 cxd4 25. Bxd4 Nh5 26. Nd3 Nxf4 27. Nxf4 Bxf4 28. Qxf4 Qxc2 29. Rd2 {Antoshin,V-Kholmov,R Moscow 1971 ½-½ (35)}) 15. Qf2 cxd4 16. exd4 Nd7 17. Ne2 Nb6 18. Nf4 Qd7 19. Nxe6 Qxe6 20. Rfe1 Qd7 21. Bf4 Nc4 22. b3 Na5 23. Bc2 g6 24. h4 Nc6 25. b4 Bf6 26. Rxe8+ Rxe8 27. Rd1 Qd8 28. g3 Qb6 29. Ba4 Qa6 30. Bxc6 bxc6 31. Qb2 Re2 32. Qc3 Rg2+ 33. Kxg2 Qe2+ 34. Kh3 Qxd1 35. Be5 Qf1+ 36. Kg4 Qb1 37. Kf4 Qf5+ 38. Ke3 Qe6 39. Kf2 Bd8 40. Qe3 Bb6 41. Qf4 Bd8 42. Bc7 Bf6 43. Bd6 a6 44. Bb8 h5 45. Be5 Be7 46. Qh6 Bf6 47. Qf4 Be7 48. Qh6 Bf6 49. Bxf6 Qxf6 50. Qe3 Qf5 51. Qe2 Qh3 52. Qe8+ Kg7 53. Qe5+ Kh7 54. Qc7 Qh2+ 55. Kf1 Qh1+ 56. Kf2 Qh2+ 57. Kf1 Qh1+ 58. Kf2 Qh2+ 1/2-1/2

[Event "Titled Tue 31st Jan Early"]
[Site "chess.com INT"]
[Date "2023.01.31"]
[Round "11"]
[White "Caruana, F.."]
[Black "So, W.."]
[Result "1-0"]
[WhiteElo "2766"]
[BlackElo "2760"]
[PlyCount "113"]
[EventDate "2023.01.31"]

1. d4 Nf6 2. c4 e6 3. Nc3 Bb4 4. e3 c5 5. Nge2 d5 6. a3 Bxc3+ 7. Nxc3 cxd4 8. exd4 dxc4 9. Bxc4 Nc6 10. Be3 O-O 11. O-O b6 12. Qf3 Bb7 13. Bd3 Qd7 14. Qh3 Ne7 15. Rad1 ({RR} 15. Bg5 Ng6 16. Bxf6 gxf6 17. Rad1 Rad8 18. Rfe1 Kg7 19. Bc2 Qc7 20. Re3 Qf4 21. Be4 Bxe4 22. Rxe4 Qc7 23. d5 Rd7 24. Red4 Qe5 25. Re4 Qg5 26. Red4 Qe5 {½-½ (26) Milovic,I (1912)-Lupolov,B (2097) Paracin SRB 2024}) 15... Ng6 16. Rfe1 Nd5 17. Qg3 $146 ({RR} 17. Bc1 f5 18. Bb5 Bc6 19. Bf1 h6 20. Qg3 Rf6 21. Bd2 Nh8 22. Nxd5 Bxd5 23. Rc1 Rg6 24. Qh3 Nf7 25. Rc3 Rc8 26. Rec1 Rxc3 27. Qxc3 Qe7 28. Qc7 Qh4 29. Bf4 Qg4 30. Bg3 Qxd4 31. Qxa7 e5 {Chernyak,V (2186)-Naumkin,I (2418) Prague 2019 0-1 (41)}) 17... Kh8 18. h4 Nge7 19. h5 h6 20. Bd2 Nf5 21. Qe5 Rfe8 22. Bb5 Bc6 23. Nxd5 Bxb5 24. Nc7 f6 25. Qh2 Ba4 26. Rc1 Nxd4 27. Nxa8 Rxa8 28. Rc7 Qd5 29. Bc3 Nb5 30. Re7 e5 31. Qg3 Rg8 32. Rc1 a5 33. Qf3 Qxf3 34. gxf3 Nd6 35. b4 axb4 36. Bxb4 Nf5 37. Rb7 b5 38. Kg2 Rd8 39. Rbc7 Kh7 40. Rc8 Rd3 41. R1c3 Rd4 42. Rf8 Rh4 43. Rc7 Bd1 44. Rxf6 Rf4 45. Rff7 Bxf3+ 46. Kf1 Rh4 47. Ke1 Rxh5 48. Bf8 Rg5 49. Kd2 h5 50. Be7 Nxe7 51. Rxf3 Nf5 52. Rc5 Nd4 53. Re3 Rf5 54. Kc3 h4 55. Rcxe5 Rxe5 56. Rxe5 Nf3 57. Rf5 1-0